Представление документа в формате MARC21

Поле Инд. ПП Название Значение
Тип записи a
Библиографический уровень a
001 Контрольный номер RU/IS/BASE/262108834
005 Дата корректировки 20240205094758.5
084 a Индекс другой классификации/Индекс ББК 66.1(4Гем)5-8Каутский К.-136; 67.3(4Гем)5; 60.51(4Гем)6-8Каутский К.-212
090 00 a Полочн. индекс 66.1(0)я43я7
x Авторский знак А 724
097 00 a 240
100 10 a Автор Каутский К.
q Полное имя Каутский Карл
245 00 a Заглавие От демократии к государственному рабству
500 00 a Примечание Печатается по: Каутский К. От демократии к государственному рабству. Берлин,1922.С.18-44
650 04 a Основная рубрика история государства и права
a Основная рубрика политика
a Основная рубрика право
653 00 a Ключевые слова XX век
a Ключевые слова бюрократия
a Ключевые слова власть
a Ключевые слова Германия
a Ключевые слова государственный строй
a Ключевые слова демократия
a Ключевые слова историческое развитие
a Ключевые слова история политической мысли
a Ключевые слова история права
a Ключевые слова история социологии
a Ключевые слова общество
a Ключевые слова политико-социологические теории
a Ключевые слова пролетариат
a Ключевые слова промышленный капитализм
a Ключевые слова промышленный пролетариат
a Ключевые слова революция
a Ключевые слова социал-демократия
a Ключевые слова социология
773 00 d Дата издания источника Москва, 1997
g Прочая информация Т.II. - С. 107-113
t Заглавие источника Антология мировой политической мысли
w Контрольный № источника RU/IS/BASE/101567361
901 t Тип документа a